Statistics for The Rock's Verse in Face Off - Lyrics

Click here to take the quiz!

General Stats

  • This quiz has been taken 253 times
  • The average score is 22 of 23

Answer Stats

Answer% Correct
we
99%
we
99%
devour
98%
hungry
98%
It's
98%
it's
98%
power
98%
stay
98%
about
96%
about
96%
and
96%
drive
96%
in
96%
in
96%
ours
96%
put
96%
put
96%
take
96%
the
96%
the
96%
what's
96%
work
96%
hours
94%

Score Distribution

Percentile by Number Answered

Percent of People with Each Score

Your Score History

You have not taken this quiz